| 000 | 00552nam a2200181Ia 4500 | ||
|---|---|---|---|
| 003 | GCL | ||
| 008 | 140319s9999 xx 000 0 ara d | ||
| 040 |
_aGCL / _cGCL |
||
| 082 | 0 | 4 |
_a808.5 _bب خ |
| 100 | 1 | _aميخائيل باختين | |
| 245 | 1 | 0 |
_aالخطاب الروائى / _cميخائيل باختين |
| 260 |
_aالقاهرة : _bدار الفكر للدراسات والنشر والتوزيع ، _c1987 |
||
| 300 |
_a190 ؛ _c22 سم |
||
| 490 | _a | ||
| 650 | 0 | 4 | _aالادب العربى |
| 650 | 0 | 4 | _aالقصة |
| 942 |
_2ddc _cBK |
||
| 999 |
_c29747 _d29747 |
||